000 00605nam a2200181Ia 4500
003 GCL
008 140319s9999 xx 000 0 ara d
040 _aGCL /
_cGCL
082 0 4 _a792.028
_bد د
100 1 _aداريوفو
245 1 0 _aدليل الممثل /
_cداريوفو
260 _aالقاهرة :
_bوزارة الثقافة - مهرجان القاهرة الدولى للمسرح التجريبى ،
_c2004
300 _a479 ص ؛
_c24 سم
650 0 4 _aالتمثيل
650 0 4 _aالتمثيل فى المسرح
650 0 4 _aالممثلون والممثلات
942 _2ddc
_cBK
999 _c7174
_d7174